Zimbabwe Podmínky pro obchod a podnikání
Ekonomika krajiny. Politický systém. Zahraničný obchod. Obchodné a ekonomické vzťahy Zimbabwe a ČR. Financie, mena a bankový systém. Zahraničné investície. Dane. Clá, bezcolné zóny. Trh, perspektívy pre českú produkciu.
Enregistré dans:
| Auteur principal: | |
|---|---|
| Autres auteurs: | , |
| Format: | Chapitre de livre |
| Langue: | tchèque |
| Sujets: | |
| Tags: |
Pas de tags, Soyez le premier à ajouter un tag!
|
MARC
| LEADER | 00000naa a2200000 4500 | ||
|---|---|---|---|
| 001 | r021125 | ||
| 005 | 20230920092028.1 | ||
| 041 | 0 | |a cze | |
| 044 | |a CZ | ||
| 245 | 1 | 0 | |a Zimbabwe |b Podmínky pro obchod a podnikání |c J. Špott, Lidija Zunová, K. Dessieová |
| 520 | |a Ekonomika krajiny. Politický systém. Zahraničný obchod. Obchodné a ekonomické vzťahy Zimbabwe a ČR. Financie, mena a bankový systém. Zahraničné investície. Dane. Clá, bezcolné zóny. Trh, perspektívy pre českú produkciu. | ||
| 610 | 2 | 0 | |a situácia hospodárska |
| 610 | 2 | 0 | |a politika vnútorná |
| 610 | 2 | 0 | |a obchod zahraničný |
| 610 | 2 | 0 | |a financie |
| 610 | 2 | 0 | |a mena |
| 610 | 2 | 0 | |a bankovníctvo |
| 610 | 2 | 0 | |a investície zahraničné |
| 610 | 2 | 0 | |a dane |
| 610 | 2 | 0 | |a clá |
| 610 | 2 | 0 | |a trh vnútorný |
| 610 | 2 | 0 | |a Zimbabwe |
| 610 | 2 | 0 | |a Česko |
| 100 | 1 | |a Špott, J. | |
| 700 | 1 | |a Dessieová, K. | |
| 700 | 1 | |a Zunová, Lidija | |